00405nam a2200157Ia 4500001000500000005001700005008004100022041000800063082001500071100002800086245008000114260000900194300002800203650000800231654000800239845920260306160611.0260306t2012||||xx |||||||||||||| ||spa|| aESP a371.1bA59 aAndersson, AdrianaeAUT 0aPlanificar para el jardín maternal:bmodalidades, dispositivos y formatos c2012 a126 páginas :c24 cm. aGEN aCED